| 000 | 00385nam a22001697a 4500 | ||
|---|---|---|---|
| 005 | 20160621131923.0 | ||
| 008 | 160621b xxu||||| |||| 00| 0 eng d | ||
| 020 | _a0-07-463197-7 | ||
| 041 | _aeng | ||
| 082 | _b8761 | ||
| 100 |
_aJawadekar,W.S _92402 |
||
| 245 | _aManagement Information System | ||
| 260 |
_bTMH _c1999 |
||
| 300 | _a491 | ||
| 650 |
_aManagement _9241 |
||
| 942 | _cBK | ||
| 999 |
_c3398 _d3397 |
||